000 02169cam a22001934a 4500
005 20250605164405.0
008 250528s ||||||||||||||||||||||||d
035 _a24799
040 _aGR-AtMCL
_bgre
_dGR-AtMCL
_eAACR2
245 1 _aArt of Life Health / Απεικόνιση: Σημαντική Συμβολή της στην Ιατρική
260 _c2023
300 _a122
520 _aΆσθμα: Μια Χρόνια Φλεγμονώδης Νόσος, Χρόνιος Πόνος: Τι Είναι και Πότε Απευθυνόμαστε στον Ειδικό, Ακτινοθεραπεία: Βασική Θεραπεία του Καρκίνου του Προστάτη, Ρομποτική Ριζική Κυστεκτομή: Θεραπευτική Επιλογή για τον Καρκίνο Ουροδόχου Κύστεως, Οξύ Ισχαιμικό Εγκεφαλικό: Ο Ρόλος της Μηχανικής Θρομβοεκτομής, Νεφρική Απονεύρωση: Επεμβατική Αντιμετώπιση της Ανθεκτικής Αρτηριακής Υπέρτασης, Οστεονέκρωση των Γνάθων: Μια Επιπλοκή από την Λήψη Φαρμάκων, Θεραπείες Γονιμότητας: Ποιές είναι οι Νέες Τάσεις, Αποτυχημένες Προσπάθειες Εξωσωματικής: Υπάρχει Τρόπος να Πετύχω, Επίμονο Ροχαλητό στα Παιδιά: Σύγχρονη Δίαγνωση και Θεραπεία, Φυσιολογικός Τοκετός: Τα Οφέλη για τη Μητέρα και το Μωρό, Παιδί: Λειτουργικές Διαταραχές του Πεπτικού, Πρόωρο Νεογνό: Η Ψυχολογία των Γονέων, Πρόωρα Νεογνά: Αυξημένες Πιθανότητες Αιμορραγίας, Ακράτεια Ούρων: Σύγχρονη Θεραπεία, Τα Νέα μας, Για την Κοινωνία.
700 1 _aΒασιλάκη Κατερίνα
_99488
942 _cCR
710 2 _aMc Victor And Hamilton Sa
_99837
999 _c9645
_d9645